000
00309nam a22001337a 4500
008
181001b xxu||||| |||| 00| 0 eng d
020
_a
x000ajre9h
041
_a
eng
080
_2
8th
_a
311
100
_a
55
101
_a
STA
245
_a
Statistics for management and economics
_c
Keller,G
942
_2
udc
_c
BK
999
_c
48749
_d
48749